Third world entry to news market (Record no. 13341)

000 -LEADER
fixed length control field 00389pab a2200145 454500
008 - FIXED-LENGTH DATA ELEMENTS--GENERAL INFORMATION
fixed length control field 180718b1985 xxu||||| |||| 00| 0 eng d
100 ## - MAIN ENTRY--PERSONAL NAME
Personal name Samarajiwa, Rohan
245 ## - TITLE STATEMENT
Title Third world entry to news market
Remainder of title Problems and possible solutions
260 ## - PUBLICATION, DISTRIBUTION, ETC.
Date of publication, distribution, etc. 1985
300 ## - PHYSICAL DESCRIPTION
Extent 35-44
362 ## - DATES OF PUBLICATION AND/OR SEQUENTIAL DESIGNATION
Dates of publication and/or sequential designation 9th March
650 ## - SUBJECT ADDED ENTRY--TOPICAL TERM
Topical term or geographic name entry element Mass Media - Undeveloped Areas
773 ## - HOST ITEM ENTRY
Main entry heading Maninstream
909 ## -
-- 13341
Holdings
Withdrawn status Lost status Damaged status Not for loan Permanent Location Current Location Date acquired Serial Enumeration / chronology Barcode Date last seen Price effective from Koha item type
        Indian Institute of Public Administration Indian Institute of Public Administration 2018-07-19 Volume no: 23, Issue no: 28 AR13384 2018-07-19 2018-07-19 Articles

Powered by Koha